Word Chain - U.S. Cities - Statistics

General Stats
  • This quiz has been taken 81 times
  • The average score is 15 of 20
Answer Stats
Hint Answer % Correct
Home of Disney World Orlando
96%
Home of the Cowboys Dallas
93%
Has the Alamo San Antonio
90%
Home to the busiest airport in the world Atlanta
88%
SoCal city with beaches and a big zoo San Diego
84%
Home of the Indy 500 and motor speedway Indianapolis
83%
Largest city in Nebraska Omaha
83%
Bay Area city across from San Francisco Oakland
81%
"Capital of Latin America" Miami
80%
Capital of Oregon Salem
80%
Home of the bayou New Orleans
77%
Across the border from Ciudad Juarez El Paso
72%
One of the "Twin Cities" Minneapolis
72%
Live music capital of the world Austin
65%
Home of Duke University Durham
59%
There are 41 towns with this name second only to "Washington" with 88 towns Springfield
59%
Known for its "balloon fiesta" Albuquerque
55%
Suburb north of New York City Yonkers
52%
Has only one professional sports team Oklahoma City
42%
Famous for its pier and beaches Santa Monica
42%
No matching quizzes found
Score Distribution
Percent of People with Each Score
Percentile by Number Answered
Your Score History
You have not taken this quiz